<?xml version="1.0" encoding="UTF-8"?>
<marc:record xmlns:marc="http://www.loc.gov/MARC21/slim">
   <marc:leader>00000nam a2200000 a 4500</marc:leader>
   <marc:datafield ind1="1" ind2=" " tag="100">
      <marc:subfield code="a">Pilotte, Jean</marc:subfield>
   </marc:datafield>
   <marc:datafield ind1="0" ind2="0" tag="245">
      <marc:subfield code="a">Caillou - die große Sammelbox DVD 1 [Bildtonträger]</marc:subfield>
   </marc:datafield>
   <marc:datafield ind1="0" ind2="0" tag="245">
      <marc:subfield code="b">Caillou und der Bagger und weitere Geschichten</marc:subfield>
   </marc:datafield>
   <marc:datafield ind1="0" ind2="0" tag="245">
      <marc:subfield code="c">Regie: Jean Pilotte</marc:subfield>
   </marc:datafield>
   <marc:datafield ind1=" " ind2="1" tag="264">
      <marc:subfield code="b">Universum Film GmbH</marc:subfield>
      <marc:subfield code="c">2016</marc:subfield>
   </marc:datafield>
   <marc:datafield ind1="1" ind2=" " tag="520">
      <marc:subfield code="a">Caillou ist gerade vier Jahre alt geworden und weiss, was es heisst, wenn man die Welt und damit jeden Tag etwas Neues entdeckt. Der Forscherdrang von Caillou kennt dabei keine Grenzen und so erlebt er viele aufregende Geschichten. Caillous Familie ist immer mit dabei und beantwortet ihm all seine Fragen. Und wenn er gar nicht mehr weiter weiss, helfen ihm Kater Gilbert, Teddy, der Bär und Rex, der Dinosaurier.</marc:subfield>
   </marc:datafield>
   <marc:datafield ind1=" " ind2=" " tag="020">
      <marc:subfield code="a">8875157639</marc:subfield>
      <marc:subfield code="9">8875157639</marc:subfield>
   </marc:datafield>
   <marc:datafield ind1=" " ind2=" " tag="500">
      <marc:subfield code="a">Orig. : Frankreich 2000. Sprache: Deutsch (Dolby Digital 2.0), Englisch (Dolby Digital 2.0)</marc:subfield>
   </marc:datafield>
   <marc:datafield ind1="0" ind2=" " tag="490">
      <marc:subfield code="v">0</marc:subfield>
   </marc:datafield>
   <marc:datafield ind1=" " ind2=" " tag="300">
      <marc:subfield code="a">1 DVD (70 Min.) : farbig</marc:subfield>
   </marc:datafield>
</marc:record>
